Normal view
MARC view
- MS Entry Test Preparation
Entry Topical Term
001 - CONTROL NUMBER
- control field: 111995
003 - CONTROL NUMBER IDENTIFIER
- control field: NUST
005 - DATE AND TIME OF LATEST TRANSACTION
- control field: 20230427135908.0
008 - FIXED-LENGTH DATA ELEMENTS
- fixed length control field: 230427|| aca||aabn | a|a d
040 ## - CATALOGING SOURCE
- Original cataloging agency: NUST
- Transcribing agency: NUST
150 ## - HEADING--TOPICAL TERM
- Topical term or geographic name entry element: MS Entry Test Preparation
670 ## - SOURCE DATA FOUND
- Source citation: Work cat.: (NUST)594565: Niaz, Adeel 111994, GAT General :, 2023
